Bệnh học lao và bệnh phổi

Bewaard in:
Bibliografische gegevens
Formaat: Boek
Taal:Undetermined
Gepubliceerd in: Hà Nội Y học 1994
Onderwerpen:
Tags: Voeg label toe
Geen labels, Wees de eerste die dit record labelt!
Thư viện lưu trữ: Trung tâm Học liệu Trường Đại học Cần Thơ
LEADER 00487nam a2200157Ia 4500
001 CTU_22905
008 210402s9999 xx 000 0 und d
082 |a 616.2 
082 |b B256/T.1 
245 0 |a Bệnh học lao và bệnh phổi 
245 0 |c Viện Lao và Bệnh phổi 
260 |a Hà Nội 
260 |b Y học 
260 |c 1994 
650 |a respriratory organs - diseases - diagnosis,tuberculosis 
980 |a Trung tâm Học liệu Trường Đại học Cần Thơ